|
|
|
|
| LEADER |
00000nam1a2200000 4500 |
| 001 |
63618 |
| 005 |
20231031064439.0 |
| 035 |
|
|
|a (RuTPU)RU\TPU\book\67514
|
| 090 |
|
|
|a 63618
|
| 100 |
|
|
|a 20040518d2003 m y0rusy50 ca
|
| 101 |
0 |
|
|a rus
|
| 102 |
|
|
|a RU
|
| 200 |
1 |
|
|a Обыкновенные дифференциальные уравнения
|e учебное пособие
|f В. К. Барышева, Е. Т. Ивлев, Е. Г. Пахомова
|g Томский политехнический университет
|
| 210 |
|
|
|a Томск
|c Изд-во ТПУ
|d 2003
|
| 700 |
|
1 |
|a Барышева
|b В. К.
|g Валентина Кирилловна
|
| 701 |
|
1 |
|a Ивлев
|b Е. Т.
|g Евгений Тихонович
|
| 701 |
|
1 |
|a Пахомова
|b Е. Г.
|g Елена Григорьевна
|
| 712 |
0 |
2 |
|a Томский политехнический университет
|2 stltpush
|3 (RuTPU)RU\TPU\col\376
|
| 801 |
|
1 |
|a RU
|b 63413507
|c 20040518
|g PSBO
|
| 801 |
|
2 |
|a RU
|b 63413507
|c 20101102
|g PSBO
|
| 942 |
|
|
|c BK
|